000
00323 a2200109 4500
001
ART_18709
005
20260410161600.0
008
260409a
245
1
0
_a
¿De quién es el presupuesto?
100
1
_a
Herrscher, Enrique G.
773
0
_t
Profesional & Empresaria
_g
- Año XIV, Nº 168 (sep. 2013)
_w
REV70
999
_c
9609
_d
9609